书目信息 |
| 题名: |
小岛区块链
|
|
| 作者: | 方军 著 | |
| 分册: | ||
| 出版信息: | 北京 中信出版社 2020.06 |
|
| 页数: | XII, 243页 | |
| 开本: | 21cm | |
| 丛书名: | ||
| 单 册: | ||
| 中图分类: | F713.361.3 | |
| 科图分类: | ||
| 主题词: | 电子商务--dian zi shang wu--支付方式--通俗读物 | |
| 电子资源: | ||
| ISBN: | 978-7-5217-1754-9 | |
| 000 | 00980nam0 2200241 450 | |
| 001 | CAL 003972072 | |
| 005 | 20230217093113.0 | |
| 010 | @a978-7-5217-1754-9@dCNY59.00 | |
| 100 | @a20200716d2020 em y0chiy0120 ea | |
| 101 | 0 | @achi |
| 102 | @aCN@b110000 | |
| 105 | @aa z 000yy | |
| 106 | @ar | |
| 200 | 1 | @a小岛区块链@Axiao dao qu kuai lian@f方军著 |
| 210 | @a北京@c中信出版社@d2020.06 | |
| 215 | @aXII, 243页@c图@d21cm | |
| 314 | @a方军, 资深互联网与区块链研究者。现任火币大学顾问合伙人、快知实验室合伙人, 通证经济实践联盟联合发起人, 曾任创业邦执行总裁、现代传播集团CTO。 | |
| 330 | @a《小岛区块链》讲述的是一个关于区块链技术、应用和创新的寓言故事, 以一个小岛即“比特岛”为逻辑起点, 通过插图、幽默的语言, 讲述了数字大陆中比特币及其底层技术区块链的缘起、应用和未来发展。 | |
| 606 | 0 | @a电子商务@Adian zi shang wu@x支付方式@j通俗读物 |
| 690 | @aF713.361.3@v5 | |
| 701 | 0 | @a方军@Afang jun@4著 |
| 801 | 0 | @aCN@bBJXHZP@c20230228 |
| 905 | @b1400888-91@dF713.361.3@e1290@f4 | |
| 小岛区块链/方军著.-北京:中信出版社,2020.06 |
| XII, 243页:图;21cm |
| ISBN 978-7-5217-1754-9:CNY59.00 |
| 《小岛区块链》讲述的是一个关于区块链技术、应用和创新的寓言故事, 以一个小岛即“比特岛”为逻辑起点, 通过插图、幽默的语言, 讲述了数字大陆中比特币及其底层技术区块链的缘起、应用和未来发展。 |
| ● |
| 相关链接 |
|
|
|
|
正题名:小岛区块链
索取号:F713.361.3/1290
 
预约/预借
| 序号 | 登录号 | 条形码 | 馆藏地/架位号 | 状态 | 备注 |
| 1 | 1400888 | 214008884 | 第一样本阅览室/ [索取号:F713.361.3/1290] | 在馆 | |
| 2 | 1400889 | 214008893 | 第一借阅区/ [索取号:F713.361.3/1290] | 在馆 | |
| 3 | 1400890 | 214008900 | 第一借阅区/ [索取号:F713.361.3/1290] | 在馆 | |
| 4 | 1400891 | 214008919 | 第一借阅区/ [索取号:F713.361.3/1290] | 在馆 |